000 00637nam a2200205 a 4500
005 20240314063653.0
008 170620s2007 ea r 000 0 spa d
020 _a1404271309
035 _aUPN01000218961
049 _aI
050 4 _aPZ7
_bL4.5
100 1 _aLeigh, Autumn,
_d1971-
_933791
245 1 3 _aEl manzano /
_cAutunm Leigh ; tr. MarĂ­a Cristina Brusca.
260 _aNew York :
_bRosen Classroom Books & Materials,
_c2007.
300 _a16 p. :
_bil. col.
440 0 _aLecturas del barrio
650 4 _aCuentos infantiles estadounidenses
_910762
650 4 _aARBOLES -
_vLITERATURA INFANTIL
_911051
905 _aInfantil
999 _c191061
_d191061